MAASAI MARA UNIVERSITY

LIBRARY CATALOGUE

Contact Us: +254 020 2685356/7 or 0774 057787

Box: 861-20500, NAROK, KENYA

Email: info@mmarau.ac.ke

The new Cambridge history of American foreign relations. (Record no. 25822)

MARC details
000 -LEADER
fixed length control field 01669cam a2200385 a 4500
001 - CONTROL NUMBER
control field 17293253
003 - CONTROL NUMBER IDENTIFIER
control field OSt
005 - DATE AND TIME OF LATEST TRANSACTION
control field 20170518103910.0
008 - FIXED-LENGTH DATA ELEMENTS--GENERAL INFORMATION
fixed length control field 120510s2013 enkb b 001 0 eng
010 ## - LIBRARY OF CONGRESS CONTROL NUMBER
LC control number 2012018193
020 ## - INTERNATIONAL STANDARD BOOK NUMBER
International Standard Book Number 9781107031838 (hardback set)
020 ## - INTERNATIONAL STANDARD BOOK NUMBER
International Standard Book Number 9781107005907 (hardback v. 1)
020 ## - INTERNATIONAL STANDARD BOOK NUMBER
International Standard Book Number 9780521767521 (hardback v. 2)
020 ## - INTERNATIONAL STANDARD BOOK NUMBER
International Standard Book Number 9780521763288 (hardback v. 3)
020 ## - INTERNATIONAL STANDARD BOOK NUMBER
International Standard Book Number 9780521763622 (hardback v. 4)
040 ## - CATALOGING SOURCE
Original cataloging agency MMU
Transcribing agency MMU
Modifying agency MMU
Language of cataloging eng
042 ## - AUTHENTICATION CODE
Authentication code pcc
043 ## - GEOGRAPHIC AREA CODE
Geographic area code n-us---
050 00 - LIBRARY OF CONGRESS CALL NUMBER
Classification number E183.7
Item number .N48 2013
082 00 - DEWEY DECIMAL CLASSIFICATION NUMBER
Classification number 327.73
Edition number 23
245 04 - TITLE STATEMENT
Title The new Cambridge history of American foreign relations.
246 30 - VARYING FORM OF TITLE
Title proper/short title New history of American foreign relations
260 ## - PUBLICATION, DISTRIBUTION, ETC. (IMPRINT)
Place of publication, distribution, etc. Cambridge ;
-- New York :
Name of publisher, distributor, etc. Cambridge University Press,
Date of publication, distribution, etc. 2013.
300 ## - PHYSICAL DESCRIPTION
Extent 4 v. :
Other physical details maps ;
Dimensions 24 cm.
504 ## - BIBLIOGRAPHY, ETC. NOTE
Bibliography, etc Includes bibliographical references and index.
505 0# - FORMATTED CONTENTS NOTE
Formatted contents note v. 1. Dimensions of the early American empire, 1754-1865 / William Earl Weeks -- v. 2. The American search for opportunity, 1865-1913 / Walter LaFeber -- v. 3. The globalizing of America, 1913-1945 / Akira Iriye -- v. 4. America in the age of Soviet power, 1945-1991, and after / Warren I. Cohen.
651 #0 - SUBJECT ADDED ENTRY--GEOGRAPHIC NAME
Geographic name United States
General subdivision Foreign relations.
700 1# - ADDED ENTRY--PERSONAL NAME
Personal name Weeks, William Earl,
Dates associated with a name 1957-
700 1# - ADDED ENTRY--PERSONAL NAME
Personal name LaFeber, Walter.
700 1# - ADDED ENTRY--PERSONAL NAME
Personal name Iriye, Akira.
700 1# - ADDED ENTRY--PERSONAL NAME
Personal name Cohen, Warren I.
906 ## - LOCAL DATA ELEMENT F, LDF (RLIN)
a 7
b cbc
c orignew
d 1
e ecip
f 20
g y-gencatlg
942 ## - ADDED ENTRY ELEMENTS (KOHA)
Source of classification or shelving scheme Library of Congress Classification
Koha item type L

No items available.

© 2016 Maasai Mara University.